• 首页
  • 本馆介绍
  • 公告通知
  • 最新文献
  • 馆藏检索
  • 电子资源
  • 读者导购
  • 参考咨询
  • 我的图书馆
  • 登录
  • 详细信息显示
  • 放入我的书架
  • 预约/预借图书
  • 作者相关作品
  • 分类相关作品
  • 丛书相关作品
  • 出版社相关作品

书目信息

  • 表格格式
  • 工作单格式
  • 卡片格式
题名:
电视新闻学
    
 
作者: 曾祥敏 著
分册:  
出版信息: 北京   中国传媒大学出版社  2012.10
页数: 300页
开本: 26cm
丛书名:
单 册:
中图分类: G220
科图分类:
主题词: 电视新闻--新闻学--高等学校--教材 , 电视新闻 , 新闻学
电子资源:
ISBN: 978-7-5657-0491-8
000 00964nam0 2200277 450
001 010050013327
005 20130504153758.62
010    @a978-7-5657-0491-8@dCNY39.00
100    @a20120918d2012 em y0chiy50 ea
101 0  @achi
102    @aCN@b110000
105    @aa z 000yy
106    @ar
200 1  @a电视新闻学@9dian shi xin wen xue@dTelevision journalism@f曾祥敏著@zeng
210    @a北京@c中国传媒大学出版社@d2012.10
215    @a300页@c图@d26cm
300    @a中国传媒大学211质量工程教材建设项目 21世纪广播电视专业实用教材 广播电视专业“十二五”规划教材
330    @a本书主要内容包括:电视新闻理念探寻;电视新闻节目的叙事结构与方法;电视新闻节目类型化操作;电视新闻节目编排等。
510 1  @aTelevision journalism@zeng
606 0  @a电视新闻@x新闻学@x高等学校@j教材
606 0  @a电视新闻
606 0  @a新闻学
690    @aG220@v5
701  0 @a曾祥敏@9zeng xiang min@4著
801  0 @aCN@bRENTIAN@c20120918
905    @b542801-05@dG220@e135@f5
    
    电视新闻学=Television journalism/曾祥敏著.-北京:中国传媒大学出版社,2012.10
    300页:图;26cm
    中国传媒大学211质量工程教材建设项目 21世纪广播电视专业实用教材 广播电视专业“十二五”规划教材
    
    ISBN 978-7-5657-0491-8:CNY39.00
    本书主要内容包括:电视新闻理念探寻;电视新闻节目的叙事结构与方法;电视新闻节目类型化操作;电视新闻节目编排等。
●
相关链接 在E读中查询图书 在五车中查询图书 在当当中查询图书 在豆瓣中查询图书


正题名:电视新闻学     索取号:G220/135         预约/预借

序号 登录号 条形码 馆藏地/架位号 状态 备注
1 542801   205428018   第一样本阅览室/ [索取号:G220/135] 在馆    
2 542802   205428027   密集书库-文学院/ [索取号:G220/135] 在馆    
3 542803   205428036   第四借阅区/ [索取号:G220/135] 在馆    
4 542804   205428045   第四借阅区/ [索取号:G220/135] 在馆    
5 542805   205428054   第四借阅区/ [索取号:G220/135] 在馆    
唐山师范学院图书馆 欢迎您!
大连网信软件有限公司© 版权所有